000 00359nam a2200133Ia 4500
008 191206s9999 xx 000 0 und d
020 _a184212725X
090 _aDC119.8F74
245 0 _aCatherine de Medici
260 _aWeidenfeld & Nicolson
260 _ccc2003
300 _a"xxiii, 440 p., [24] p. of plates : ill. (some col."
999 _c15644
_d15644